Juan de las Roelas (Registro nro. 24945)

Detalles MARC
000 -LEADER
campo de control de longitud fija 00627nam a2200169 i 4500
001 - NÚMERO DE CONTROL
campo de control 24945
003 - IDENTIFICADOR DE NÚMERO DE CONTROL
campo de control ES-MaACL
005 - FECHA Y HORA DE LA ÚLTIMA TRANSACCIÓN
campo de control 20230906153151.0
007 - CAMPO FIJO DE DESCRIPCIÓN FÍSICA--INFORMACIÓN GENERAL
campo de control de longitud fija t|
008 - DATOS DE LONGITUD FIJA--INFORMACIÓN GENERAL
campo de control de longitud fija 021219s1925 sp ||||1| spa d
100 1# - ENTRADA PRINCIPAL--NOMBRE DE PERSONA
Nombre de persona Angulo Iñiguez, Diego.
9 (RLIN) 21788
245 10 - MENCIÓN DEL TÍTULO
Título Juan de las Roelas
Resto del título : aportaciones para su estudio /
Mención de responsabilidad, etc. por D. Angulo Iñiguez.
260 ## - PUBLICACIÓN, DISTRIBUCIÓN, ETC.
Lugar de publicación, distribución, etc. [Madrid :
Nombre del editor, distribuidor, etc. Junta para Ampliación de Estudios e Investigaciones Científicas,
Fecha de publicación, distribución, etc. 1925]
300 ## - DESCRIPCIÓN FÍSICA
Extensión 7 p., [3] h. de lám. ;
Dimensiones 28 cm.
500 ## - NOTA GENERAL
Nota general Es Separata del: "Archivo Español de Arte y Arqueología", Madrid, nº 1, 1925.
852 ## - LOCALIZACIÓN
Ubicación ES-MaACL
Número de control de estantería 1652-F-19
Sublocalización o colección R.5247
Existencias
Estatus retirado Estado de pérdida Estado de daño No para préstamo Colección Biblioteca de origen Biblioteca actual Ubicación en estantería Fecha de adquisición Fuente de adquisición Total de préstamos Signatura topográfica completa Código de barras Visto por última vez Precio de reemplazo Tipo de ítem Koha
        Colección de folletos Biblioteca del Ateneo de Madrid Biblioteca del Ateneo de Madrid Depósito folletos 17/01/2008     1652-F-19 1025718 23/02/2023 23/02/2023 Folleto